Quiz di cultura generale #118 - Statistics

Statistiche generali
  • Questo quiz è stato fatto 388 volte
  • Il punteggio medio è 13 su 20
Statistiche sulle risposte
DOMANDA RISPOSTA % Corretto
Energia che si ricava dallo sfruttamento del vento Eolica
98%
La festa delle zucche vuote nell'ultimo giorno di ottobre Halloween
97%
Tra i loro dei figuravano Ra, Osiride, Anubi... Egizi
89%
L'unico stato al mondo in cui puoi trovare panda selvatici Cina
87%
Campione NBA morto in un incidente con l'elicottero Kobe/Bryant
79%
La seconda città più popolosa del Friuli Venezia-Giulia Udine
68%
La capitale hawaiana Honolulu
67%
Scuderia di Formula 1 che produce, oltre alle macchine, anche camion Mercedes
67%
Penisola croata che un tempo batteva bandiera italiana Istria
66%
Talento turco della Juventus Kenan/Yildiz
63%
Il nome di due re romani Tarquinio
60%
Figlio del re Carlo, primo in linea di successione nel Regno Unito William
59%
La capitale siriana Damasco
58%
L'unica nazione che nel suo nome presenta un punto cardinale diverso da nord e sud Timor Est
57%
In questo stato avvenne una rivoluzione islamica nel 1979 Iran
56%
Il nome del fondatore della Ford Henry
55%
Stato non riconosciuto da Serbia, Grecia e Spagna, ma da altri 108 stati membri ONU Kosovo
54%
Il primo nome di Istanbul Bisanzio
53%
Il nome romano (latino) di Milano Mediolanum
53%
Il Kaiser che portò la Germania nella WW1 Guglielmo II
21%
Nessun quiz corrispondente trovato
Distribuzione punteggi
Percentuale di utenti per punteggio
Percentile per numero di risposta
I tuoi punteggi nel tempo
Non hai fatto questo quiz